• 首页
  • 本馆介绍
  • 公告通知
  • 最新文献
  • 馆藏检索
  • 电子资源
  • 读者导购
  • 参考咨询
  • 我的图书馆
  • 登录
  • 详细信息显示
  • 放入我的书架
  • 预约/预借图书
  • 作者相关作品
  • 分类相关作品
  • 丛书相关作品
  • 出版社相关作品

书目信息

  • 表格格式
  • 工作单格式
  • 卡片格式
书名: Fundamental university physics
作者: [by] Marcelo Alonso [and] Edward J. Finn.
分册号:
分册名: FIELDS AND WAVES.
出版地: Reading, Mass. :
 
出版社: Addison-Wesley Pub. Co
出版时间: 1978.
页数: 598 p. :
开本: 23cm.
丛书名: Addison-Wesley series in physics
中图分类号:
科图分类号:
其他分类号: O4:H31
主题词:
电子资源:
000 00814nam 22000241i 450 9
001 0298375503
005 20070717105835.34
008 711012m19789999 a 000 0
041    @aeng
050    @aQC21@b.A4
082 04 @a530
090    @aO4-43
090    @aO4:H31
099    @dO4:H31@ex94:3
100 1  @aAlonso@cMarcelo,@d1921-
245 10 @aFundamental university physics / @c[by] Marcelo Alonso [and] Edward J. Finn.@nVol Ⅲ,@pFIELDS AND WAVES.
260 1  @aReading, Mass. :@bAddison-Wesley Pub. Co.,@c1978.
260    @aReading, Mass :@bReading, Mass.
300    @a598 p. :@billus. ;@c23cm.
440  0 @aAddison-Wesley series in physics
505 1  @av. 1. Mechanics.--v. 2. Fields and waves.--v. 3. Quantum and statistical physics.
650  4 @aPhysics
700 1  @aFinn@cEdward J.@4joint author.
    
    Fundamental university physics / / [by] Marcelo Alonso [and] Edward J. Finn.. Vol Ⅲ,. FIELDS AND WAVES.-Reading, Mass. : : Addison-Wesley Pub. Co., , 1978.-Reading, Mass : : Reading, Mass.
    598 p. : : illus. ; ; 23cm.- (Addison-Wesley series in physics )
    v. 1. Mechanics.--v. 2. Fields and waves.--v. 3. Quantum and statistical physics.
    
    ISBN
    
●
相关链接 在E读中查询图书 在五车中查询图书 在当当中查询图书 在豆瓣中查询图书


正题名:Fundamental university physics     索取号:O4:H31/x94:3         预约/预借

序号 登录号 条形码 馆藏地/架位号 状态 备注
1 136993   202161908   第四借阅区/ [索取号:O4:H31/x94:3] 在馆    
2 136994   202161917   第四借阅区/ [索取号:O4:H31/x94:3] 在馆    
3 136995   202162104   第四借阅区/ [索取号:O4:H31/x94:3] 在馆    
4 136996   202161944   第四借阅区/ [索取号:O4:H31/x94:3] 在馆    
5 136997   202162113   第二样本阅览室/ [索取号:O4:H31/x94:3] 在馆    
唐山师范学院图书馆 欢迎您!
大连网信软件有限公司© 版权所有